000
00333nam a22001457a 4500
003
OSt
005
20160727222356.0
008
160622b xxu||||| |||| 00| 0 eng d
040
_c
OXFORD
100
_9
531
_a
Treece, H
245
_a
Man with a Swerd
260
_a
NEW YORK
_b
OXFARD
_c
1962
300
_a
Man with a Swerd
942
_2
ddc
_c
BK
999
_c
445
_d
445